| 000 | 00349nam a2200145 a 4500 | ||
|---|---|---|---|
| 001 | 1971 | ||
| 003 | CDMR | ||
| 005 | 20130116135222.0 | ||
| 008 | 130130s1972||||||||||||||||||||||||||||d | ||
| 040 |
_aCDMR _bcat _cCDMR |
||
| 100 | 1 |
_aReixach, Alfred _91474 |
|
| 245 | 1 | 3 |
_aLa crÃtica perÃodistica _cAlfred Reixach |
| 260 |
_aBarcelona _c1972 |
||
| 942 | _cTSN | ||
| 999 |
_c1971 _d1971 |
||